| 000 | 01076nam a2200265Ia 4500 | ||
|---|---|---|---|
| 003 | Ost | ||
| 005 | 20260507075135.0 | ||
| 008 | 260507s9999||||xx |||||||||||||| ||und|| | ||
| 020 | _a×794509953 | ||
| 040 | _cfsecg | ||
| 041 | _aara | ||
| 082 | _a330 | ||
| 100 |
_aكنعان، طاهر حمدي _eمؤلف |
||
| 245 | 0 |
_aهموم اقتصادية عربية : _bالتنمية- التكامل- النفط- العولمة / _c طاهر حمدي كنعان |
|
| 250 | _aطبعة 2 | ||
| 260 |
_aبيروت: _bمركز دراسات الوحدة العربية, _c2005 |
||
| 300 |
_a330 صفحة؛ _bإيضاحات ؛ _c24 سم |
||
| 520 | _aهموم التنمية العربية- النفط والإقتصاد العربي- البيئة العالمية والإقليمية- التكامل الإقتصادي العربي. | ||
| 653 | _aالإقتصاد | ||
| 653 | _aالتكامل الإقتصادي | ||
| 653 | _aالتنمية | ||
| 653 | _aالنفط | ||
| 700 |
_a الإمام، محمد محمود وآخرون _eمؤلف ثانوي |
||
| 942 | _cكتاب | ||
| 999 |
_c43256 _d43256 |
||